Al-Kitabul Muqadasa (Record no. 2592)

MARC details
000 -LEADER
fixed length control field 00589nam a2200229 a 4500
020 ## - INTERNATIONAL STANDARD BOOK NUMBER
ISBN
082 00 - DEWEY DECIMAL CLASSIFICATION NUMBER
Classification number 220
Author Cutter OXF
245 ## - TITLE STATEMENT
Title Al-Kitabul Muqadasa
Sub title Aiyyi Kutub-Ulahadil Qadeem Wal Ahadil Jadeed
260 ## - PUBLICATION, DISTRIBUTION, ETC. (IMPRINT)
Place of publication Oxford
Name of publisher Oxford University Press
Year of publication 1871
300 ## - PHYSICAL DESCRIPTION
Number of Pages 422p
500 ## - GENERAL NOTE
General note includes index and biblioraphy
505 2# - FORMATTED CONTENTS NOTE
Formatted contents note Index
650 ## - SUBJECT ADDED ENTRY--TOPICAL TERM
Topical Term Bible-Arabic
942 ## - ADDED ENTRY ELEMENTS (KOHA)
Koha item type
Holdings
Collection code Home library Current library Shelving location Date acquired Cost, normal purchase price Full call number Accession Number Koha item type
Reference Henry Martyn Institute Library Henry Martyn Institute Library Reference 06/14/2007 100.00 220 OXF 419 Archive Book
                   Copyright © 2026 | Henry Martyn Institute | Hyderabad | TS-500052 | INDIA | Implemented by hmi.edu.in
Hit-Count:

Powered by Koha